Careers in engineering and technology (Record no. 65559)

000 -LEADER
fixed length control field 00483nam a22001817a 4500
003 - CONTROL NUMBER IDENTIFIER
control field NUST - PNEC
005 - DATE AND TIME OF LATEST TRANSACTION
control field 20170116180919.0
008 - FIXED-LENGTH DATA ELEMENTS--GENERAL INFORMATION
fixed length control field 150904b xxu||||| |||| 00| 0 eng d
020 ## - INTERNATIONAL STANDARD BOOK NUMBER
International Standard Book Number 0023076208
040 ## - CATALOGING SOURCE
Transcribing agency LIBRARY
082 ## - DEWEY DECIMAL CLASSIFICATION NUMBER
Classification number 620.0023 BEA
100 ## - MAIN ENTRY--PERSONAL NAME
9 (RLIN) 7648
Personal name Beakley, George C
245 ## - TITLE STATEMENT
Title Careers in engineering and technology
Statement of responsibility, etc. George C Beakley
250 ## - EDITION STATEMENT
Edition statement 4th ed.
260 ## - PUBLICATION, DISTRIBUTION, ETC.
Date of publication, distribution, etc. c 1987
650 ## - SUBJECT ADDED ENTRY--TOPICAL TERM
9 (RLIN) 6071
Topical term or geographic name entry element Engineering--Vocational guidance
General subdivision ME
942 ## - ADDED ENTRY ELEMENTS (KOHA)
Source of classification or shelving scheme
Koha item type Book
Holdings
Withdrawn status Lost status Source of classification or shelving scheme Damaged status Not for loan Permanent Location Current Location Shelving location Date acquired Total Checkouts Full call number Barcode Date last seen Price effective from Koha item type
          Pakistan Navy Engineering College (PNEC) Pakistan Navy Engineering College (PNEC)       620.0023 BEA PNECLIB-012300 09/04/2015   Book
© 2023 Central Library, National University of Sciences and Technology. All Rights Reserved.